00343nam a2200121Ia 4500008004100000020002200041041000800063082002400071100001800095245006200113260003700175300000900212230411s9999 xx 000 0 und d a978-93-5152-953-8 aeng aAD/610.6/CLE/B08431 aClement Nisha aEssentials of Management of Nursing Service and Education bJaypee BrothersaNew Delhic2016 a733p